Lord of the Rings Places by Picture - Statistics

General Stats
  • This quiz has been taken 156 times
    107 since last reset
  • The average score is 13 of 16
Answer Stats
Picture Answer % Correct
Isengard
99%
Minas Tirith
97%
Mordor
97%
Shire
97%
Rivendell
92%
Chamber of Mazarbul
91%
Edoras
87%
Lothlorien
86%
Bree
80%
Fangorn Forest
80%
Misty Mountains
71%
Weathertop
70%
Osgiliath
68%
Dead Marshes
59%
The Stairs of Cirith Ungol
57%
Amon Hen
48%
No matching quizzes found
Score Distribution
Percent of People with Each Score
Percentile by Number Answered
Your Score History
You have not taken this quiz since the last reset